Teaching online : (Record no. 30925)

000 -LEADER
fixed length control field 01332cam a2200385 i 4500
001 - CONTROL NUMBER
control field 19819475
005 - DATE AND TIME OF LATEST TRANSACTION
control field 20210128090743.0
008 - FIXED-LENGTH DATA ELEMENTS--GENERAL INFORMATION
fixed length control field 170722s2017 nyua b 001 0 eng d
010 ## - LIBRARY OF CONGRESS CONTROL NUMBER
LC control number 2017288616
015 ## - NATIONAL BIBLIOGRAPHY NUMBER
National bibliography number GBB4B6039
Source bnb
016 7# - NATIONAL BIBLIOGRAPHIC AGENCY CONTROL NUMBER
Record control number 016897830
Source Uk
020 ## - INTERNATIONAL STANDARD BOOK NUMBER
International Standard Book Number 9780415832434
020 ## - INTERNATIONAL STANDARD BOOK NUMBER
International Standard Book Number 0415832438
020 ## - INTERNATIONAL STANDARD BOOK NUMBER
International Standard Book Number 041583242X
020 ## - INTERNATIONAL STANDARD BOOK NUMBER
International Standard Book Number 9780415832427
035 ## - SYSTEM CONTROL NUMBER
System control number (OCoLC)ocn893630999
050 00 - LIBRARY OF CONGRESS CALL NUMBER
Classification number LB 2395.7 .K67 2017
082 04 - DEWEY DECIMAL CLASSIFICATION NUMBER
Classification number 378.17344678
Edition number 23
100 1# - MAIN ENTRY--PERSONAL NAME
Personal name Ko, Susan Schor,
Relator term author.
245 10 - TITLE STATEMENT
Title Teaching online :
Remainder of title a practical guide /
Statement of responsibility, etc. Susan Ko and Steve Rossen.
250 ## - EDITION STATEMENT
Edition statement Fourth edition.
300 ## - PHYSICAL DESCRIPTION
Extent xxiii, 486 pages :
Other physical details illustrations ;
Dimensions 22 cm
500 ## - GENERAL NOTE
General note Previous edition: 2010.
504 ## - BIBLIOGRAPHY, ETC. NOTE
Bibliography, etc Includes bibliographical references (pages [436]-470) and index.
650 #0 - SUBJECT ADDED ENTRY--TOPICAL TERM
Topical term or geographic name as entry element Education, Higher
General subdivision Computer-assisted instruction.
650 #0 - SUBJECT ADDED ENTRY--TOPICAL TERM
Topical term or geographic name as entry element World Wide Web
General subdivision Study and teaching (Higher)
650 #0 - SUBJECT ADDED ENTRY--TOPICAL TERM
Topical term or geographic name as entry element Internet in education.
650 #0 - SUBJECT ADDED ENTRY--TOPICAL TERM
Topical term or geographic name as entry element College teaching
General subdivision Aids and devices.
650 #0 - SUBJECT ADDED ENTRY--TOPICAL TERM
Topical term or geographic name as entry element Internet in higher education.
650 #0 - SUBJECT ADDED ENTRY--TOPICAL TERM
Topical term or geographic name as entry element Computer-assisted instruction.
650 #0 - SUBJECT ADDED ENTRY--TOPICAL TERM
Topical term or geographic name as entry element Distance education.
650 04 - SUBJECT ADDED ENTRY--TOPICAL TERM
Topical term or geographic name as entry element Insegnamento universitario
General subdivision Impiego di internet
Form subdivision Manuali.
700 1# - ADDED ENTRY--PERSONAL NAME
Personal name Rossen, Steve,
Relator term author.
942 ## - ADDED ENTRY ELEMENTS (KOHA)
Source of classification or shelving scheme
Koha item type Hard Covered Materials
Classification part LB 2395.7 .K67 2017
Holdings
Withdrawn status Lost status Source of classification or shelving scheme Damaged status Not for loan Home library Current library Shelving location Date acquired Source of acquisition Cost, normal purchase price Total Checkouts Full call number Barcode Date last seen Price effective from Koha item type
          MACHAKOS UNIVERSITY LIBRARY MACHAKOS UNIVERSITY LIBRARY Open shelf 28/01/2021 Donation - Rattsnsi Educational Trust 16872.00   LB 2395.7 .K67 2017 23487 16/02/2021 28/01/2021 Hard Covered Materials
© Machakos University Library, Along The Highway, Machakos Wote Rd, Machakos, Kenya P.O. Box 136 - 90100 Machakos - Kenya

Tel: ( +254 ) 723 805829 OR Fax : 044-20353 OR Email: library@mksu.ac.ke